00448nam a2200169Ia 450000500170000000800390001702000230005604100080007908200150008710000200010224500560012225000110017826000350018930000190022450400160024365000190025920260506161220.0251226s9999 xx 000 0 und d a9781509938186qpbk aeng a341.37 JOL aJolly, Stellina 0aIndian Private International Law / cStellina Jolly a1st ed bHart Publishing, c2021aIndia a392 p. :c22cm aBib and Ref aLaw of nations